000 00642 a2200253 4500
001 116131
020 _a0394900820
020 _a9780394800820
041 _aeng
082 _aAP Nursery [E]
100 _aSeuss, Dr.
300 _a[48] p.
697 _aFantasy.
697 _aStilts - Fiction.
697 _aKings, queens, rulers, etc. - Fiction.
697 _aFantasy fiction.
697 _aKings and rulers - Fiction.
856 _u00002f/00002fc8.jpg
040 _aBR-BrIDEA
_cBR-BrIDEA
090 _aAP Nursery [E]
_bSEU
245 1 0 _aThe king's stilts
_c Dr Seuss
260 _a[s.l.]
_bRandom House
_c1967
942 _cBK
999 _c116131
_d116131